000 00338nam a2200145Ia 4500
008 150201s2013 xx 000 0 und d
082 _a610
_bB2013I
100 _aINDRAYAN,A.
245 _aBASIC METHODS OF MEDICAL RESEARCH
250 _a3RD
260 _bAITBS
_aDELHI
_c2013
300 _a1-410
650 _aMEDICINE
942 _2ddc
_cBK
999 _c4736
_d4736